00282nam a22000977a 4500020001500000082001500015100002100030245006000051260003900111300003400150 a8120329260 222a610.78 aJog, Nandini K.  aElectronics in medical and biomedical instrumentation / aNew Delhi,bPrentice Hall,cc2007. aix, 174 p. ;bill. ;c23 cm.